000 00408nam a22001337a 4500
008 230606b |||||||| |||| 00| 0 eng d
040 _aNational Science Library
_cNational Science Library
080 _a62(540)
245 _aEngineering industries of India
260 _aCalcutta:
_bThe Engineering Export Promotion Council,
650 _aEngineering industries
653 _aScience
942 _2udc
_cBK
999 _c40130
_d40130